Proteccin̤ penal de la disciplina militar

Bibliographic Details
Main Author: Lp̤ez Sǹchez, Još
Format: Unknown
Language:Spanish
Published: Madrid : Dykinson, 2007
Subjects:
Online Access:Acceso restringido

MARC

LEADER 00000ny a22000003n 4500
005 20110617141345.0
006 m u
007 cr cn|||||||||
008 200807r2007 sp |||||s|||||||||||spa d
020 |a 9788498491012 
035 |a 2430 
040 |a FlNmELB  |c FlNmELB  |d vlex 
050 1 4 |a KKT3780  |b L925 2007eb 
080 |a 355.11 
090 |c 1397  |d 1397 
100 1 |a Lp̤ez Sǹchez, Još 
245 1 0 |a Proteccin̤ penal de la disciplina militar   |h [Recurso electrn̤ico]  |c Jos ̌Lp̤ez Sǹchez 
256 |a Servicio en ln̕ea 
260 |a Madrid :  |b Dykinson,  |c 2007 
300 |a 6-282 p 
506 1 |a Contenido solo disponible en los productos indicados  |d vLex Global  |d vLex Global (Academic Edition, excluding Law Schools)  |d vLex Global (U.S. Academic Edition, Law Schools)  |d vLex Global (U.S. Academic Edition, excluding Law Schools)  |d vLex Global (Academic Edition, Law Schools) 
650 0 7 |a Penal  |2 Tesauro vLex 
650 0 7 |a Derecho militar  |2 Tesauro vLex 
740 0 |a vLex Libros (Servicios en ln̕ea) 
856 4 0 |u http://vlex.com/source/2430  |z Acceso restringido 
942 |c BOOK